日本神话图解 (Record no. 68247)

000 -LEADER
fixed length control field 00579nam a22001937a 4500
003 - CONTROL NUMBER IDENTIFIER
control field MPLRDC
005 - DATE AND TIME OF LATEST TRANSACTION
control field 20220104203706.0
008 - FIXED-LENGTH DATA ELEMENTS--GENERAL INFORMATION
fixed length control field 210129b ||||| |||| 00| 0 eng d
020 ## - INTERNATIONAL STANDARD BOOK NUMBER
International Standard Book Number 978-986-124-9339
082 ## - DEWEY DECIMAL CLASSIFICATION NUMBER
Classification number 283.1 WGC
100 ## - MAIN ENTRY--PERSONAL NAME
Personal name 武光诚 TAKEMITSU MAKOTO
245 ## - TITLE STATEMENT
Title 日本神话图解
Statement of responsibility, etc. 蔡玛莉 译
250 ## - EDITION STATEMENT
Edition statement 初版
260 ## - PUBLICATION, DISTRIBUTION, ETC.
Place of publication, distribution, etc. 台湾
Name of publisher, distributor, etc. 商周出版,城邦文化事业股份有限公司
Date of publication, distribution, etc. 2007
300 ## - PHYSICAL DESCRIPTION
Other physical details
520 ## - SUMMARY, ETC.
Summary, etc. 新书上架 2018-10-02。<br/>2018-05-25 铅笔标记--pg.部分页面。
650 ## - SUBJECT ADDED ENTRY--TOPICAL TERM
Topical term or geographic name entry element 日本神话
942 ## - ADDED ENTRY ELEMENTS (KOHA)
Koha item type Book
-- 283.1 WGC
Holdings
Withdrawn status Lost status Source of classification or shelving scheme Damaged status Not for loan Collection code Home library Current library Shelving location Date acquired Cost, normal purchase price Total Checkouts Full call number Barcode Date last seen Date last checked out Price effective from Koha item type Public note
            Malaysian Public Library, Research and Development Centre Malaysian Public Library, Research and Development Centre   06/09/2018 31.50   283.1 WGC 00061763 18/03/2021 11/01/2019 18/03/2021 Book mplrdc

© 2022. Malaysian Public Library, Research and Development Centre. All Right ReservedE-mailmplrdc@help.edu.my 

Powered by Koha